Normal view
MARC view
Entry Personal Name
001 - CONTROL NUMBER
- control field: 7907
003 - CONTROL NUMBER IDENTIFIER
- control field: OSt
005 - DATE AND TIME OF LATEST TRANSACTION
- control field: 20211028144305.0
008 - FIXED-LENGTH DATA ELEMENTS
- fixed length control field: 211028|| aca||aabn | a|a d
040 ## - CATALOGING SOURCE
- Original cataloging agency: OSt
- Transcribing agency: OSt
100 ## - HEADING--PERSONAL NAME
- Personal name: Mathias, Raina Melisa; Naik G, Vasanth.
- Miscellaneous information: 1616154
670 ## - SOURCE DATA FOUND
- Source citation: Work cat.: (OSt): Mathias, Raina Melisa; Naik G, Vasanth. 1616154, Study on the role of 3R (Respect Rewards and Recognition) at At & S India private ltd Mysore., 2018